000 00551nam a2200229Ia 4500
003 0100
008 130227s9999 xx 000 0 und d
020 _a9780415401340
040 _cARRUPELIB
050 _aBD131.L83 2006
100 _aLoux, Michael J.
245 _aMetaphysics
245 _bA contemporary introduction
250 _a3rd edition
260 _aLondon
260 _bRoutledge
260 _C2006
300 _axi
300 _b 309p 23cm
440 _aRoutledge contemporary introductions to philosophy
942 _2lcc
_09
999 _c6246
_d6246